[Event "Bundesliga 1112"]
[Site "Germany"]
[Date "2011.11.19"]
[Round "4.4"]
[White "Gyimesi, Zoltan"]
[Black "Firman, Nazar"]
[Result "1-0"]
[WhiteElo "2646"]
[BlackElo "2517"]
[Annotator "RR"]
[PlyCount "135"]
[EventDate "2011.10.14"]
[EventType "team-tourn"]
[EventRounds "15"]
[EventCountry "GER"]
[SourceTitle "CBM 146"]
[Source "ChessBase"]
[SourceDate "2012.01.18"]
[SourceVersion "1"]
[SourceVersionDate "2012.01.18"]
[SourceQuality "1"]
[WhiteTeam "Eppingen"]
[BlackTeam "Katernberg"]
[WhiteTeamCountry "GER"]
[BlackTeamCountry "GER"]

1. d4 Nf6 2. c4 e6 3. Nf3 c5 4. d5 b5 5. Bg5 b4 6. a3 h6 7. Bh4 Na6 8. Nbd2
bxa3 9. Rxa3 Nb4 10. e4 d6 11. Nd4 g5 12. Bg3 cxd4 13. Qa4+ Nd7 14. Qxb4 Rb8
15. Qa4 Rxb2 16. Bd3 Be7 17. Rb3 Rxb3 18. Nxb3 O-O 19. Qxa7 e5 20. Ke2 Qe8 21.
Qa3 Nb6 22. Ra1 f5 23. exf5 e4 24. Bxe4 Nxc4 25. Qb4 Bf6 26. f3 Ne3 27. Ra8
Nxf5 28. Na5 Nxg3+ 29. hxg3 Qe5 30. Kf2 Bg7 31. Qb1 d3 32. Qxd3 Qa1 33. Qb1 Qa3
34. Qb3 Qa1 35. Qb1 Bd4+ 36. Ke2 Qa3 37. Qd3 Bc3 38. Ra7 $2 (38. Qc2 Qa1 39.
Qb1 $11) 38... Qc1 $2 (38... Re8 39. Ra8 Qa2+ $19) 39. Qd1 $11 Qa3 40. Qb3 Qa1
41. Qb1 Qxb1 42. Bxb1 Bd4 43. Re7 Bf6 44. Re3 Bd7 45. Nc6 Re8 46. Be4 Kf8 47.
Rd3 h5 48. Kf2 Ra8 49. Rb3 Bc8 50. Bg6 Ra2+ 51. Kg1 h4 52. gxh4 gxh4 53. Rb8
Kg7 54. Rxc8 Kxg6 55. Re8 Kf5 56. Re6 Be5 57. Nxe5 dxe5 58. Re8 Rd2 59. Rd8 h3
60. gxh3 Kf4 61. d6 Kxf3 62. h4 Rd1+ 63. Kh2 e4 $4 (63... Rd2+ 64. Kh3 Rd1 $14)
64. d7 $18 Ke2 65. h5 e3 66. h6 Rd6 67. Kg3 Rxh6 68. Rg8 1-0

[Event "POL-chT 66th"]
[Site "Katowice"]
[Date "2010.09.09"]
[Round "6"]
[White "Hera, Imre Jr"]
[Black "Krejci, Jan"]
[Result "0-1"]
[WhiteElo "2586"]
[BlackElo "2454"]
[Annotator "RR"]
[PlyCount "55"]
[EventDate "2010.09.04"]
[EventType "team-tourn"]
[EventRounds "9"]
[EventCountry "POL"]
[SourceTitle "EXT 2016"]
[Source "ChessBase"]
[SourceDate "2015.10.08"]
[SourceVersion "1"]
[SourceVersionDate "2015.10.08"]
[SourceQuality "1"]
[WhiteTeam "Szkola Grudziadz"]
[BlackTeam "Wroclaw"]
[WhiteTeamCountry "POL"]
[BlackTeamCountry "POL"]

1. c4 Nf6 2. Nf3 e6 3. d4 c5 4. d5 b5 5. dxe6 fxe6 6. cxb5 d5 7. e4 $5 {
Une ligne secondaire dans ce gambit Blumenfeld} (7. g3 a6 8. bxa6 Nc6 9. Bh3
Rxa6 10. O-O e5 11. Bxc8 Qxc8 12. Bg5 e4 13. Bxf6 exf3 14. Bc3 d4 15. Bd2 Bd6
16. exf3 O-O 17. Qb3+ Kh8 18. f4 g5 19. Qd5 Ne7 20. Qxg5 Nf5 21. Re1 c4 22. Nc3
h6 23. Qh5 dxc3 24. Bxc3+ Kh7 25. Rad1 Ra7 26. Re4 Re7 27. Rxd6 {1-0 (27)
Korobov,A (2694)-Ponkratov,P (2613) Moscow 2015}) (7. Nc3 Bb7 8. e4) 7... Nxe4
8. Bd3 Nf6 9. O-O Bd6 10. b3 $146 (10. Re1 O-O 11. Bg5 Qc7 12. h3 e5 13. Bxf6
gxf6 14. Nc3 Bb7 15. Nxd5 Qg7 16. Bc4 Kh8 17. Nh4 f5 18. Qh5 Nd7 19. Nxf5 Rxf5
20. Qxf5 Nb6 21. Qe4 Rg8 22. g3 Qh6 23. Rad1 Nxc4 24. Qxc4 Qxh3 25. Re3 Qh5 26.
Qe2 Qf5 27. Qf3 Qg6 28. Qf6+ Qxf6 29. Nxf6 Rd8 30. Rxe5 Kg7 31. Rxd6 Rxd6 32.
Ne8+ Kf8 33. Nxd6 Bf3 34. Rf5+ Ke7 35. Rxf3 Kxd6 36. Rf7 a5 37. Ra7 a4 38. Rxa4
Kc7 39. Ra6 Kb7 {Sampaoli,C (2201)-Premnath,R (2303) ICC INT 2009 1-0}) 10...
O-O 11. Bb2 Nbd7 12. Nc3 Bb7 (12... Qe7) 13. Ng5 {[%csl Re6]} Qb8 (13... Qe7)
14. h3 h6 15. Nxe6 Re8 16. Re1 $13 Be5 17. f4 $5 Bxf4 18. Na4 Bg3 $1 {[%csl
Gg3]} 19. Re2 Qd6 $1 {[%cal Ge8e6,Gd6c5] Gagne un tempo important et les Noirs
ont une petite avance de développement} 20. Bf5 d4 21. Naxc5 $2 Nxc5 22. Qxd4
Nxe6 (22... Bd5 $19 {[%csl Re6]}) 23. Qxd6 Bxd6 24. Rxe6 Bc5+ 25. Kh2 Bd5 26.
Rxe8+ Rxe8 27. Rd1 $2 Re2 28. Bc1 0-1

[Event "USA-ch GpB"]
[Site "San Diego"]
[Date "2006.03.11"]
[Round "9"]
[White "Yermolinsky, Alex"]
[Black "Christiansen, Larry Mark"]
[Result "0-1"]
[WhiteElo "2554"]
[BlackElo "2546"]
[Annotator "Ribli,Z"]
[PlyCount "60"]
[EventDate "2006.03.02"]
[EventType "swiss"]
[EventRounds "9"]
[EventCountry "USA"]
[SourceTitle "CBM 112"]
[Source "ChessBase"]
[SourceDate "2006.06.07"]
[SourceVersion "1"]
[SourceVersionDate "2006.06.07"]
[SourceQuality "1"]

1. d4 Nf6 2. c4 e6 3. Nf3 c5 4. d5 b5 5. Bg5 exd5 {Heutzutage ist diese
Variante in Mode, die alten Züge wie 5...Qa5+ oder 5...h6 werden praktisch
nicht mehr gespielt.} 6. cxd5 d6 7. e4 a6 8. Bd3 Be7 (8... Bg4 9. O-O Be7 10.
Nbd2 Nxd5 11. exd5 Bxg5 12. Re1+ Be7 13. a4 b4 14. Qc2 (14. Qe2 $44) 14... g6
15. Re4 Bxf3 16. gxf3 O-O 17. Rae1 Bg5 18. Nc4 Qf6 {0-1 Corvi,M-Ljubisavljevic,
Z/Genoa 2001/EXT 2002 (38)}) 9. Bf4 (9. O-O O-O (9... Nxd5 10. Bxb5+ (10. exd5
Bxg5 11. Nxg5 Qxg5 12. Re1+ Kf8 13. Qe2 Bd7 14. Bf5 g6 $1) 10... axb5 11. Qxd5
Ra5 $14) 10. Qd2 (10. Bd2 Nbd7 (10... Bg4 $5) 11. Nc3 Re8 12. Ne2 Bf8 13. Ng3
g6 14. a4 Rb8 {0-1 Lazkano Gaite,T-Andres Gonzalez,A/San Sebastian 2003/EXT
2005 (38)}) 10... Nbd7 (10... Bg4 11. e5 dxe5 12. Nxe5 Bh5 13. Nc3 $13) 11. Nc3
h6 12. Bf4 (12. Bh4 $2 Nxd5) 12... Re8 13. Bc2 Nh5 {0-1 Runza,J-Jager/Prague
1933/EXT 99/[ChessBase] (34)}) 9... Bg4 10. Nbd2 Nbd7 11. h3 (11. O-O Ne5 (
11... O-O $5) 12. Bxe5 dxe5 13. b3 O-O 14. h3 Bxf3 15. Nxf3 Bd6 16. Qe2 Nd7 17.
Nd2 Nb6 {1/2-1/2 Onischuk,A-Ghaem Maghami,E/Calvia 2004/(28)}) 11... Bh5 12.
O-O O-O 13. b3 {Auf diese Weise sichert Weiß seine Stellung und verhindert
c5-c4.} (13. Qb1 Nb6 14. Bh2 Bg6 15. Kh1 Rc8 16. Ng1 Nfd7 17. g4 c4 18. Bc2 Nc5
19. f4 f6 20. Ngf3 b4 21. Nd4 Be8 22. Qe1 Qc7 23. Rf3 Qb7 24. Rc1 {0-1
Ovsiannikov,I-Varchenko,G/Kharkov 2002/(52)}) (13. Re1 c4 14. Bf1) 13... Rc8
14. Re1 Re8 $11 {[%cal Ge7f8][%mdl 32] Schwarz hat eine bequeme, gleiche
Stellung, ohne Probleme. Weiß hat Raumvorteil im Zentrum, aber die schwarze
Stellung ist aktiv am Damenflügel und im Zentrum. Mit dem Textzug bereitet
Schwarz das Läufermanöver Bf8 und nach g6 Bg7 vor.} 15. a4 Qb6 16. Qe2 Bf8 {
[%cal Ge8e2,Rf6d5]} 17. Qf1 Rb8 18. Ra2 Bxf3 19. Nxf3 g6 {[%cal Gf8g7,Gg7a1]}
20. axb5 axb5 21. Bd2 Bg7 {Jetzt haben wir eine typische Benoni-Stellung, in
der das weiße Läuferpaar keine große Bedeutung hat und Schwarz steht aktiv.}
22. Bc3 c4 (22... Nh5 23. Bxg7 Kxg7 24. Rea1 $14) 23. bxc4 bxc4 24. Bc2 Qc7 25.
Ra6 (25. Nd4 $5 Ne5 26. Rea1 (26. f4 Nd3 $132)) 25... Nxd5 26. exd5 Bxc3 27.
Rxe8+ Rxe8 28. Rc6 Qa5 29. Rxd6 $4 {[%mdl 8192]} (29. Qxc4 Qa1+ (29... Bb4 $11)
30. Qf1 Qxf1+ 31. Kxf1 Bb4 $11) 29... Ne5 $19 30. Nxe5 Rxe5 {[%csl Rf1,Rg1]
[%cal Re5e1,Re1g1]} 0-1

[Event "Interzonal-15"]
[Site "Manila"]
[Date "1990.??.??"]
[Round "2"]
[White "Gulko, Boris F"]
[Black "Rechlis, Gad"]
[Result "1/2-1/2"]
[WhiteElo "2600"]
[BlackElo "2505"]
[Annotator "Ribli,Z"]
[PlyCount "68"]
[EventDate "1990.06.29"]
[EventType "swiss"]
[EventRounds "13"]
[EventCountry "PHI"]
[SourceTitle "CBM 019"]
[Source "ChessBase"]
[SourceDate "1990.12.01"]
[SourceVersion "1"]
[SourceVersionDate "1990.12.01"]
[SourceQuality "1"]

1. c4 Nf6 2. Nc3 e6 3. Nf3 c5 4. e3 g6 (4... d6 5. d4 Nbd7 6. dxc5 Nxc5 7. b4
Ncd7 8. a3 a6 9. e4 {Djuric,S-Damljanovic,B Jug ch 1989 CBM 13}) (4... Be7 5.
d4 cxd4 6. exd4 O-O 7. Bd3 Nc6 8. O-O d6 {Mainka,R-Schmittdiel,E FRG ch 1989
CBM 15}) 5. d4 Bg7 6. Be2 (6. dxc5 Qa5 7. Bd2 Qxc5 8. Be2) 6... O-O {-> E 10}
7. O-O d6 8. Rb1 (8. b3) 8... Nc6 9. d5 Ne7 10. e4 Ne8 11. dxe6 (11. Bd2 e5 {
/\ f5}) 11... fxe6 12. Bg5 Qd7 13. e5 $5 Nc6 $1 14. exd6 Nxd6 15. Bd3 b6 (15...
Rxf3 $5 16. gxf3 (16. Qxf3 Nf7 $1) 16... b6 $13) 16. Qe2 Bb7 17. Rbd1 Rae8 18.
Be4 Nd4 $1 19. Nxd4 cxd4 20. Bxb7 Qxb7 21. b3 Qc6 22. Nb5 Nxb5 23. cxb5 Qd5 24.
Bc1 e5 $15 25. f3 e4 26. fxe4 Rxe4 27. Rxf8+ Bxf8 28. Qd3 Bd6 29. g3 h5 $2 (
29... Bc5 $1 $17) 30. Bd2 h4 31. Re1 Rxe1+ 32. Bxe1 Qf5 33. Qxf5 gxf5 34. gxh4
Kg7 {Ribli} 1/2-1/2

[Event "Bundesliga 0506"]
[Site "Germany"]
[Date "2006.02.19"]
[Round "11.1"]
[White "Sargissian, Gabriel"]
[Black "Nisipeanu, Liviu Dieter"]
[Result "0-1"]
[WhiteElo "2610"]
[BlackElo "2707"]
[Annotator "Ribli,Z"]
[PlyCount "58"]
[EventDate "2005.10.21"]
[EventType "team-tourn"]
[EventRounds "15"]
[EventCountry "GER"]
[SourceTitle "CBM 112"]
[Source "ChessBase"]
[SourceDate "2006.06.07"]
[SourceVersion "1"]
[SourceVersionDate "2006.06.07"]
[SourceQuality "1"]
[WhiteTeam "Wattenscheid"]
[BlackTeam "Kreuzberg"]
[WhiteTeamCountry "GER"]
[BlackTeamCountry "GER"]

1. d4 Nf6 2. Nf3 e6 3. c4 c5 4. d5 b5 {Das Blumenfeld-Gambit, welches
heutzutage - nach langer Pause - wieder popular ist. Eine sehr wichtige
Stammpartie ist Tarrasch,S - Alekhine,A, Bad Pistany 1922, wo Schwarz in einer
schönen Partie gewonnen hat.} 5. Bg5 {Das ist eine ruhige positionelle
Fortsetzung und der theoretische Hauptzug. Nach 5.dxe6 fxe6 6.cxb5 könnte Weiß
einen Bauern gewinnen, aber nach 6...Bb7 oder 6...d5 bekommt Schwarz seine
Gegenchancen.} exd5 6. cxd5 d6 {Das ist die schwarze Abweichung - 3 Runden
früher in der Bundesliga spielte er 6...h6.} (6... h6 7. Bxf6 Qxf6 8. Qc2 c4 9.
a4 Bb4+ 10. Nc3 bxa4 11. Rxa4 a5 12. e3 O-O 13. Bxc4 {1/2-1/2 Postny,
E-Nisipeanu,L/Germany 2006/CBM 111(33)}) 7. e4 a6 8. a4 Be7 9. Nbd2 (9. Bxf6
Bxf6 10. axb5 Bxb2 11. Ra2 Bf6 12. Nbd2 (12. bxa6 Qb6 13. Nbd2 Bxa6 14. Qa4+
Ke7) 12... O-O 13. Bd3 Bb7 14. O-O axb5 15. Rxa8 Bxa8 16. Bxb5 Nd7 $11) 9...
Nxd5 {Mit diesem taktischen Motiv nimmt Schwarz den wichtigen
d5-Zentrumsbauern.} 10. Bxe7 (10. exd5 Bxg5 11. axb5 O-O 12. Be2 Bb7 13. O-O
axb5 14. Rxa8 Bxa8 15. Bxb5 Bxd5 16. Nc4 Bxc4 17. Bxc4 Bf6 $17 {0-1 Tishin,
D-Ovetchkin,R/Alushta 2004/CBM 103(31)}) 10... Qxe7 11. axb5 O-O (11... Nf6 12.
Bd3 O-O 13. O-O Bb7 14. Re1 axb5 15. Rxa8 Bxa8 16. Bxb5 Nxe4 17. Qa4 $18 {
1-0 Kirusha,A-Ivanov,S/Gatchina 2001/EXT 2002 (33)}) 12. Bc4 (12. Be2 Nb4 13.
O-O Bb7 14. bxa6 N8xa6 15. Nc4 Rad8 16. Nfd2 f5 17. exf5 Rxf5 18. Ne3 Rf4 19.
Bf3 d5 20. g3 Rxf3 $2 (20... Rff8 $15) 21. Qxf3 Rf8 22. Qg4 {1-0 Bernal,G-Sanz,
P/Villa Martelli 2004/CBM 103 ext (32)}) 12... Nf4 $5 {[%mdl 4] Dieser
Springerzug ist eine theoretische Neuerung. Die Alternativen - 12...Nb6 und 12.
..Nb4 sind auch spielbar. Mit dem Textzug möchte Schwarz am Königsflügel seine
Gegenchancen finden.} (12... Nb6 13. O-O) (12... Nb4 13. O-O Bb7 14. bxa6 (14.
Re1 axb5 15. Rxa8 Bxa8 16. Bxb5 N8c6 {1/2-1/2 Beliavsky,A-Cvitan,O/Celje 2004/
(16)}) 14... N8xa6 15. Re1 Nc7 16. Ra3 Qf6 (16... Ne6 17. Qb3 Ng5 18. Nxg5 Qxg5
19. Rxa8 Bxa8 20. Nf3 Qe7 21. Re3 Kh8 22. Nd2 f5 {0-1 Malysev,V-Ghaem Maghami,
E/Abu Dhabi 2003/CBM 97/[Hecht] (40)}) 17. Qb3 Ne6 18. Qc3 Qxc3 19. Rxc3 d5 {
1/2-1/2 Dautov,R-Volokitin,A/Baden Oos 2004/(22)}) 13. O-O Bb7 14. Re1 {
[%cal Gc4f1]} axb5 15. Rxa8 Bxa8 16. Bxb5 Nc6 {Schwarz hat eine bequeme
Stellung, er hat keine Eröffnungsprobleme und starkes Figurenspiel.} 17. Bf1
Qf6 {[%csl Gf4,Gf6][%cal Gf6b2]} 18. Nc4 Rd8 19. Qd2 Nh3+ $1 {[%mdl 64]} 20.
Kh1 Nd4 21. Re3 (21. Nxd4 Nxf2+ 22. Kg1 Nxe4 23. Rxe4 Bxe4 24. Nb5 d5 25. Ne3
d4 $17) 21... d5 $1 $17 {[%cal Gd8d2]} 22. exd5 Bxd5 {[%csl Rh1][%cal Gd5h1]}
23. Nce5 Nxf3 (23... h5 24. Nxd4 Qxf2 (24... Nxf2+ 25. Kg1 Ne4) 25. Qxf2 Nxf2+
26. Kg1 cxd4 27. Re1 $17) 24. gxf3 (24. Nxf3 Bxf3 25. gxf3 Nf4 $17) 24... Nf4 {
[%csl Rf2,Rf3,Gf4][%cal Rd5h1]} 25. Qc3 (25. Qe1 h6 $17 (25... Qf5 $17)) 25...
Qh4 {[%csl Gf4,Rh1][%cal Rh4f2,Gd5h1]} 26. Qe1 Re8 $19 {[%cal Re8e5,Re8e6,
Re6h6] Droht 27...Rxe5! und 27...Re6.} 27. Bc4 (27. Kg1 Re6 $19) 27... Rxe5 $1
28. Bxd5 (28. Rxe5 Bxf3+ $19) 28... Qg5 (28... Qh3 $19) 29. Qg1 Qxg1+ (29...
Qxg1+ 30. Kxg1 Rxe3 $19) 0-1

[Event "Olympiad-32"]
[Site "Yerevan"]
[Date "1996.09.20"]
[Round "5.1"]
[White "Cummings, David H"]
[Black "Rogers, Ian"]
[Result "1/2-1/2"]
[WhiteElo "2360"]
[BlackElo "2575"]
[Annotator "Rogers,I"]
[PlyCount "82"]
[EventDate "1996.09.15"]
[EventType "team-swiss"]
[EventRounds "14"]
[EventCountry "ARM"]
[SourceTitle "CBM 055"]
[Source "ChessBase"]
[SourceDate "1996.12.01"]
[SourceVersion "1"]
[SourceVersionDate "1996.12.01"]
[SourceQuality "1"]
[WhiteTeam "Wales"]
[BlackTeam "Australia"]
[WhiteTeamCountry "WLS"]
[BlackTeamCountry "AUS"]

1. d4 Nf6 2. c4 e6 3. Nf3 c5 4. d5 b5 5. Bg5 Qa5+ (5... h6 6. Bxf6 Qxf6 7. Nc3
b4 8. Nb5 Kd8 $5 {is more fun to play, but hardly appropriate for an Olympiad.}
) 6. Bd2 Qb6 7. Nc3 $5 b4 8. Na4 Qc7 9. Qc2 d6 10. dxe6 fxe6 11. g3 Nc6 12. Bg2
Be7 13. O-O O-O 14. Bg5 Bb7 15. Rad1 Kh8 16. b3 Rad8 17. h3 Nb8 18. Bxf6 {
With this and his subsequent moves, White efficiently sets about taking any
tension out of the position.} Bxf6 19. Nd2 Nc6 20. e3 Be7 21. Ne4 Ne5 22. f4
Nf7 23. Rf2 Bc6 24. Rfd2 Rc8 25. Nf2 Bxg2 26. Kxg2 Qc6+ 27. Qe4 Kg8 28. Qxc6
Rxc6 29. Ne4 Ra6 {A minor success, tying the knight to a4, but it is not
enough for Black to generate serious winning possibilities.} 30. g4 Rc8 31. Rc2
Rcc6 32. Kg3 Ra5 {Dreaming of 32...Rca6 followed by an exchange sacrifice.
Fortunately Black soon thinks better of the idea!} 33. g5 g6 34. h4 h5 35. Kf3
Kg7 36. Ng3 Rc8 37. Ke2 Ra6 38. Ne4 Nd8 39. Kf3 Nb7 40. Ng3 Na5 41. Nb2 {
The knight has escaped so it is high time to offer a draw before White starts
thinking about playing for a win!} Nc6 1/2-1/2

[Event "Lazne Bohdanec"]
[Site "Lazne Bohdanec"]
[Date "1994.??.??"]
[Round "6"]
[White "Vokac, Marek"]
[Black "Rogers, Ian"]
[Result "0-1"]
[WhiteElo "2485"]
[BlackElo "2565"]
[Annotator "Rogers,I"]
[PlyCount "72"]
[EventDate "1994.02.??"]
[EventType "tourn"]
[EventRounds "11"]
[EventCountry "CZE"]
[EventCategory "10"]
[SourceTitle "CBM 040"]
[Source "ChessBase"]
[SourceDate "1994.06.01"]
[SourceVersion "1"]
[SourceVersionDate "1994.06.01"]
[SourceQuality "1"]

1. d4 Nf6 2. c4 e6 3. Nf3 c5 4. d5 b5 5. Bg5 h6 $5 6. Bxf6 Qxf6 7. Nc3 b4 8.
Nb5 Kd8 $5 9. e4 g5 $5 {After my terrible 0/2 start to the tournament I
decided that risky play was called for - and this is undoubtedly the riskiest
opening in my repertoire. I have used this crazy system only twice before,
almost a decade ago, scoring a win against Portisch and a terrible loss to
Dutch IM DeBoer.} 10. a3 $5 ({Opening up the queenside is certainly a logical
plan but the principal reason this system has fallen into disuse (apart from
the fact that it ridiculous to play ...Kd8 on move 8) is Malaniuk's find} 10.
e5 Qg7 11. g4 $1 {intending to meet} h5 {with} 12. Rg1 $1) ({Vokac was worried
about} 10. e5 Qf4 $5 {but after} 11. h3 $1 {Black's queen can find herself in
trouble (Bd3 followed by g3 is the threat).}) 10... g4 ({In view of the
tournament situation Black could not afford to play} 10... Qxb2 {(!) since
White could then force a draw with} 11. e5 {/\Rb1, Ra1, etc.}) 11. Nd2 Qxb2 12.
axb4 cxb4 13. Be2 Bb7 14. c5 $5 {A remarkable way to avoid the threatened 14...
a6. With Black's king stuck on d8, every new open line should favour White.}
exd5 15. exd5 Bxc5 $1 16. O-O $1 ({This is much stronger than the more obvious
} 16. Ne4 {when Black can play} Re8 $1 17. Nxc5 Rxe2+ $1 18. Kf1 Rxf2+ 19. Ke1
Bxd5 $1) 16... Qe5 $1 ({Since} 16... Bxd5 $6 17. Nc4 {leaves Black in terrible
trouble, Black must try to capture the d5 pawn with his queen.}) 17. Nb3 Bb6
18. Bc4 $1 a6 19. N5d4 a5 ({Black would like to take time out to guard his g
pawn with} 19... h5 {but White can use the tempo to gain excellent attacking
chances after} 20. Re1 Qf6 21. Qd2 a5 22. Re4 $1 {/\Rf4, Nf5.}) 20. Qxg4 a4 21.
Nf3 Qf6 22. Nbd2 h5 23. Qh3 {A difficult decision.} (23. Qe4 Re8 24. Qb1 {
/\Ne4 was also tempting.}) 23... Qf4 $1 24. Rfe1 $6 {At first sight the
ensuing ending is tremendous for White but Black's connected passed pawns turn
out to be the most important factor.} ({It was imperative to keep queens on
the board by playing} 24. g3 Qg4 25. Qg2 Re8 26. Rfe1 {when White retains
serious attacking chances.}) 24... Qg4 25. Qxg4 hxg4 26. Ne5 Rf8 27. Ne4 $2 {
Diagram [#]} ({Having realised that} 27. d6 {(mhb: I add the following text,
probably truncated) is strongly met by} Nc6 $1 28. Nxf7+ Kc8) ({(mhb: I add
the following text, probably truncated) White could have try (end of added
text mhb)} 27. Rab1 $1 {/\27...b3 28.Nxb3! Black should prefer} Ba5 28. Ne4 Ba6
{although the position remains somewhat unclear.}) 27... Bd4 28. Rab1 $5 ({
The best try, since} 28. Nd6 Bxa1 29. Nxb7+ Kc7 {would be quite hopeless.})
28... Bxe5 29. Nc5 Bc3 (29... Bc8 $5 30. Rxe5 d6 {would have been slightly
simpler.}) 30. Nxb7+ Kc7 31. Rec1 d6 $1 {The only move but a winner.} 32. Bb5 (
{Now White's knight is trapped and Black can meet} 32. Bd3 {/\33.Rxb4 with the
simple} Kd7 {/\...a3-a2. White's next moves are sheer desperation.}) 32... Kxb7
33. Rxc3 bxc3 34. Bc6+ Ka7 35. Bxa4 Na6 {It has taken Black 35 moves to
develop this knight - enough reason not to play this opening for another
decade!} 36. Ra1 Rab8 0-1

[Event "Olympiad-32"]
[Site "Yerevan"]
[Date "1996.09.24"]
[Round "8.1"]
[White "Arduman, Can"]
[Black "Johansen, Darryl Keith"]
[Result "1/2-1/2"]
[WhiteElo "2410"]
[BlackElo "2500"]
[Annotator "Rogers,I"]
[PlyCount "121"]
[EventDate "1996.09.15"]
[EventType "team-swiss"]
[EventRounds "14"]
[EventCountry "ARM"]
[SourceTitle "CBM 055"]
[Source "ChessBase"]
[SourceDate "1996.12.01"]
[SourceVersion "1"]
[SourceVersionDate "1996.12.01"]
[SourceQuality "1"]
[WhiteTeam "Turkey"]
[BlackTeam "Australia"]
[WhiteTeamCountry "TUR"]
[BlackTeamCountry "AUS"]

1. d4 e6 2. c4 Nf6 3. Nf3 c5 4. d5 b5 5. Bg5 exd5 6. cxd5 Qa5+ 7. Nc3 Ne4 8.
Bd2 Nxd2 9. Qxd2 d6 10. e4 b4 11. Nd1 Be7 12. Ne3 O-O 13. Bd3 Qc7 14. O-O Nd7
15. Rfc1 Rb8 16. a3 bxa3 17. Rxa3 Bf6 18. Nc4 Nb6 19. b3 Bg4 20. Qf4 Nxc4 21.
Rxc4 Bxf3 22. Qxf3 Bb2 $5 23. Ra6 Rxb3 24. e5 $1 g6 $1 25. exd6 Qb7 26. Rc6 Bd4
27. g3 Ra3 $1 28. Rxd4 $5 {With both players heading into serious time trouble,
Arduman mades a radical decision to keep the initiative.} ({Black was hoping
for} 28. Qe4 Qb2 29. Rc2 Qb1+ 30. Kg2 Ra1) 28... cxd4 29. Qe4 Rc3 30. Qe7 Qb4
31. Bf1 a5 32. Qe5 Qb7 33. Ba6 Qd7 34. Bb5 Qf5 35. Qxd4 Rb3 36. Be2 Re8 $4 {
The rook is terribly placed on e8.} ({Black should have played} 36... Rb4 37.
Qd2 Rd8 {with a clear advantage.}) 37. Bg4 $1 Qg5 38. d7 Rd8 39. Rc8 Rb8 40. h4
Qe7 41. Qa7 $1 {The time scramble has gone disastrously for Black and
Johansen's teammates had virtually written off the game. However Black somehow
continues to find creative ways to resist.} Rb1+ 42. Kg2 Kg7 43. Qxa5 Rxd7 $1
44. Qc3+ f6 45. Be6 $1 Ra7 46. Rg8+ Kh6 47. Qd2+ g5 48. hxg5+ fxg5 49. d6 $2 ({
Up to here White has played the attack impeccably but now he misses} 49. f4 $1
g4 50. f5+ Kh5 51. Bf7+ {and mates}) 49... Qf6 50. d7 Raa1 51. Bd5 Rg1+ 52. Kh2
Rgd1 {A crazy position. The Australian and Turkish players, all engrossed in
this game, felt that White should still be winning but the onus was on Arduman
to overcome the clouds of confusion which Johansen had managed to create and
actually win the game.} 53. d8=Q $1 ({The more obvious} 53. Qxg5+ {leads to a
theoretically drawn rook endgame after} Qxg5 54. Rxg5 Ra8 $1 55. Re5 Rd8 56.
Be6 R8xd7) 53... Qxd8 54. Qb2 $2 ({White's last chance lay in} 54. Qxd1 $1 Qxg8
55. Qxa1 Qxd5 56. Qf6+ Kh5 57. f3 {when Black is forced to enter a highly
unpleasant queen ending after} g4 58. Qh4+) 54... Rh1+ $3 55. Bxh1 Rxh1+ 56.
Kxh1 Qxg8 57. Qf6+ Qg6 58. Qf8+ Qg7 59. Qd6+ Qg6 60. Qe7 Qc6+ 61. Kg1 1/2-1/2